[Event "BL2 West 1819 (Women)"]
[Site "Germany"]
[Date "2019.01.12"]
[Round "6.3"]
[White "Gatzke, Carolin"]
[Black "Sokalska, Viktorija"]
[Result "0-1"]
[WhiteElo "1878"]
[BlackElo "1988"]
[PlyCount "80"]
[EventDate "2018.10.27"]
[EventType "team-tourn"]
[EventRounds "7"]
[EventCountry "GER"]
[SourceTitle "CBM 190 Extra"]
[Source "ChessBase"]
[SourceDate "2019.07.15"]
[SourceVersion "1"]
[SourceVersionDate "2019.07.15"]
[SourceQuality "1"]
[WhiteTeam "Paderborn Blauer Springer (W)"]
[BlackTeam "Muelheim Nord (W)"]
[WhiteTeamCountry "GER"]
[BlackTeamCountry "GER"]

1. e4 c6 2. d4 d5 3. exd5 cxd5 4. c4 Nf6 5. Nc3 g6 6. Nf3 Bg7 7. c5 0-0 8. Bd3 Nc6 9. h3 Re8 10. 0-0 Nh5 11. Bb5 Nf6 12. Re1 Bd7 13. a3 Qc7 14. Bg5 e6 15. b4 a5 16. Rb1 axb4 17. axb4 Ra3 18. Na4 Ne4 19. Bc1 Rxa4 20. Bxa4 Nc3 21. Qd3 Nxb1 22. b5 Nxd4 23. b6 Nxf3+ 24. gxf3 Qc8 25. Bxd7 Qxd7 26. Qxb1 Qc6 27. Qb4 Ra8 28. Be3 d4 29. Bf4 Qxf3 30. Bg3 Qd5 31. Qd2 e5 32. c6 Qxc6 33. Bxe5 Bxe5 34. Rxe5 Ra1+ 35. Kh2 Rh1+ 36. Kg3 Rg1+ 37. Kf4 Qd6 38. Ke4 f5+ 39. Kf4 g5+ 40. Kxf5 Qg6# 0-1

[Event "BL2 West 1718 (Women)"]
[Site "Germany"]
[Date "2018.02.18"]
[Round "7.4"]
[White "Gatzke, Carolin"]
[Black "Kloster, Elisabeth"]
[Result "1-0"]
[WhiteElo "1787"]
[BlackElo "1892"]
[PlyCount "79"]
[EventDate "2017.10.14"]
[EventType "team-tourn"]
[EventRounds "7"]
[EventCountry "GER"]
[SourceTitle "EXT 2019"]
[Source "ChessBase"]
[SourceDate "2018.10.10"]
[SourceVersion "1"]
[SourceVersionDate "2018.10.10"]
[SourceQuality "1"]
[WhiteTeam "Paderborn Blauer Springer (W)"]
[BlackTeam "Heiden (W)"]
[WhiteTeamCountry "GER"]
[BlackTeamCountry "GER"]

1. e4 e6 2. d4 d5 3. e5 c5 4. c3 Nc6 5. g3 Qb6 6. Ne2 Nge7 7. Bh3 cxd4 8. cxd4 Nf5 9. Bxf5 exf5 10. 0-0 Be6 11. Nbc3 Be7 12. Be3 0-0 13. h4 Rac8 14. Bg5 Bxg5 15. hxg5 Ne7 16. Kg2 f4 17. gxf4 Nf5 18. Rh1 Rc4 19. Na4 Qc6 20. b3 Rc2 21. Nc5 Rxc5 22. dxc5 d4+ 23. Kg1 Qe4 24. Qf1 Rd8 25. Rd1 Bd5 26. Rh2 Qf3 27. Rh3 Qg4+ 28. Ng3 Qxf4 29. Nxf5 Qxf5 30. Rxd4 Qxg5+ 31. Rg3 Qxe5 32. Qd1 h5 33. Qd2 f6 34. Rgd3 Re8 35. Rxd5 Qa1+ 36. Kg2 Re1 37. Rxh5 Rg1+ 38. Kf3 Qf1 39. Rd8+ Kf7 40. Qd7+ 1-0

[Event "GER-chT U20 Girls"]
[Site "Duesseldorf"]
[Date "2017.12.27"]
[Round "1.1"]
[White "Schneider, Jana"]
[Black "Gatzke, Carolin"]
[Result "0-1"]
[WhiteElo "2190"]
[BlackElo "1768"]
[PlyCount "64"]
[EventDate "2017.12.26"]
[EventType "team-swiss"]
[EventRounds "7"]
[EventCountry "GER"]
[SourceTitle "CBM 182 Extra"]
[Source "ChessBase"]
[SourceDate "2018.02.23"]
[SourceVersion "1"]
[SourceVersionDate "2018.02.23"]
[SourceQuality "1"]
[WhiteTeam "Stetten"]
[BlackTeam "Karlsruhe SF"]
[WhiteTeamCountry "GER"]
[BlackTeamCountry "GER"]

1. e4 d5 2. exd5 Qxd5 3. Nc3 Qa5 4. d4 c6 5. Bc4 Bf5 6. Nf3 Nf6 7. Bd2 Qc7 8. Ne5 e6 9. g4 Bg6 10. Qe2 Nbd7 11. Nxg6 hxg6 12. g5 Nh5 13. d5 cxd5 14. Nxd5 Qc6 15. 0-0-0 Rc8 16. Bb3 Nc5 17. Bc4 Nd7 18. Ne3 Nf4 19. Qg4 Nh3 20. Bc3 Nxf2 21. Qf4 Nxh1 22. Rf1 Bc5 23. Bd3 Bxe3+ 24. Qxe3 Nc5 25. Be2 Rxh2 26. Qf4 Rxe2 27. Qxf7+ Kd8 28. Qxg7 Nd7 29. Rf8+ Kc7 30. Rf7 Nf2 31. Be5+ Kb6 32. Bd4+ Ka6 0-1

[Event "GER-ch U18 Girls"]
[Site "Willingen"]
[Date "2017.06.07"]
[Round "6"]
[White "Gatzke, Carolin"]
[Black "Hartmann, Cora"]
[Result "1-0"]
[WhiteElo "1760"]
[BlackElo "1861"]
[PlyCount "59"]
[EventDate "2017.06.04"]
[EventType "swiss"]
[EventRounds "9"]
[EventCountry "GER"]
[SourceTitle "CBM 178 Extra"]
[Source "ChessBase"]
[SourceDate "2017.06.22"]
[SourceVersion "1"]
[SourceVersionDate "2017.06.22"]
[SourceQuality "1"]

1. e4 e5 2. Nf3 Nc6 3. c3 Nf6 4. d3 Bc5 5. Be2 d6 6. Bg5 h6 7. Be3 Bb6 8. Na3 Be6 9. Nc2 d5 10. exd5 Nxd5 11. d4 e4 12. Nd2 Nf6 13. Nc4 0-0 14. 0-0 Nd5 15. Nxb6 Nxb6 16. f3 Bd5 17. fxe4 Bxe4 18. Bd3 Re8 19. Bxe4 Rxe4 20. Qf3 Re7 21. Rf2 Qd5 22. Qg3 Kh8 23. Bf4 Qd7 24. Raf1 Rae8 25. Qh4 Qe6 26. Bg5 f6 27. Bxh6 gxh6 28. Rxf6 Qe4 29. Qxh6+ Kg8 30. Rf8+ 1-0

[Event "GER-ch U18 Girls"]
[Site "Willingen"]
[Date "2017.06.05"]
[Round "3"]
[White "Moses, Selina"]
[Black "Gatzke, Carolin"]
[Result "1-0"]
[WhiteElo "1865"]
[BlackElo "1760"]
[PlyCount "93"]
[EventDate "2017.06.04"]
[EventType "swiss"]
[EventRounds "9"]
[EventCountry "GER"]
[SourceTitle "CBM 178 Extra"]
[Source "ChessBase"]
[SourceDate "2017.06.22"]
[SourceVersion "1"]
[SourceVersionDate "2017.06.22"]
[SourceQuality "1"]

1. e4 d5 2. exd5 Qxd5 3. Nc3 Qa5 4. d4 c6 5. Nf3 Nf6 6. Bc4 Bf5 7. Bd2 Qb6 8. Bb3 e6 9. Qe2 Nbd7 10. 0-0-0 Bb4 11. a3 Bxc3 12. Bxc3 0-0-0 13. Qe1 Qc7 14. Ng5 Rhf8 15. h3 h6 16. Nf3 Ne4 17. Bd2 c5 18. Be3 c4 19. Ba2 c3 20. g4 Bh7 21. Ng1 Nb6 22. b4 Qc6 23. Bb3 Nxf2 24. d5 Nxd5 25. Bxf2 Nxb4 26. Rxd8+ Rxd8 27. Ne2 Rd2 28. axb4 Rxe2 29. Qxe2 Qxh1+ 30. Qe1 Qxh3 31. Bg3 Be4 32. Qxc3+ Bc6 33. Qe5 Kd7 34. Qc7+ Ke8 35. Bd6 Qf1+ 36. Kb2 Qf6+ 37. Ka2 Qd8 38. Qxd8+ Kxd8 39. Bf8 Bf3 40. Bxg7 Bxg4 41. Bxh6 Kd7 42. Kb2 f5 43. Bf4 Bf3 44. Kc3 Bc6 45. Kd4 Ke7 46. Ke5 Bd7 47. Bg5+ 1-0

[Event "BL2 Ost 1617 (Women)"]
[Site "Germany"]
[Date "2017.03.26"]
[Round "7.4"]
[White "Flemming, Peggy"]
[Black "Gatzke, Carolin"]
[Result "1/2-1/2"]
[WhiteElo "1642"]
[BlackElo "1726"]
[PlyCount "49"]
[EventDate "2016.10.22"]
[EventType "team-tourn"]
[EventRounds "7"]
[EventCountry "GER"]
[SourceTitle "EXT 2018"]
[Source "ChessBase"]
[SourceDate "2017.10.13"]
[SourceVersion "1"]
[SourceVersionDate "2017.10.13"]
[SourceQuality "1"]
[WhiteTeam "Dresden Gruen Weiss (W)"]
[BlackTeam "Paderborn (W)"]
[WhiteTeamCountry "GER"]
[BlackTeamCountry "GER"]

1. d4 c5 2. Nf3 e6 3. c4 cxd4 4. Nxd4 a6 5. Nc3 Nf6 6. e3 Be7 7. Be2 0-0 8. 0-0 d6 9. Qc2 Nbd7 10. a3 Qc7 11. b3 b6 12. Bb2 Bb7 13. Rad1 Rac8 14. Bd3 h6 15. Ne4 Qb8 16. Qb1 Qa8 17. Nxf6+ Nxf6 18. f3 d5 19. Ne2 Rfd8 20. Qa1 dxc4 21. Bxc4 b5 22. Bd3 Bd5 23. Nd4 Bc5 24. b4 Bb6 25. Rfe1 1/2-1/2

[Event "BL2 Ost 1617 (Women)"]
[Site "Germany"]
[Date "2017.01.22"]
[Round "4.4"]
[White "Gatzke, Carolin"]
[Black "Neumeyer, Hannelore"]
[Result "0-1"]
[WhiteElo "1726"]
[BlackElo "1944"]
[PlyCount "90"]
[EventDate "2016.10.22"]
[EventType "team-tourn"]
[EventRounds "7"]
[EventCountry "GER"]
[SourceTitle "EXT 2018"]
[Source "ChessBase"]
[SourceDate "2017.10.13"]
[SourceVersion "1"]
[SourceVersionDate "2017.10.13"]
[SourceQuality "1"]
[WhiteTeam "Paderborn (W)"]
[BlackTeam "Leipzig Lindenau (W)"]
[WhiteTeamCountry "GER"]
[BlackTeamCountry "GER"]

1. e4 c6 2. d4 d5 3. exd5 cxd5 4. c4 Nf6 5. Nc3 e6 6. c5 Nc6 7. Bf4 Ne4 8. Nge2 g5 9. Be3 Bg7 10. Nxe4 dxe4 11. Qd2 h6 12. g3 0-0 13. h4 e5 14. d5 Nd4 15. Nxd4 exd4 16. Bxd4 Qxd5 17. Bxg7 Qxd2+ 18. Kxd2 Kxg7 19. Ke3 Bg4 20. Be2 Bxe2 21. Kxe2 Rad8 22. hxg5 hxg5 23. Rhd1 f5 24. Rxd8 Rxd8 25. Rd1 Rxd1 26. Kxd1 Kf6 27. Kd2 Ke5 28. Kc3 Kd5 29. b4 f4 30. g4 a6 31. a3 a5 32. c6 axb4+ 33. Kxb4 bxc6 34. Kc3 Kc5 35. a4 Kb6 36. Kd4 Ka5 37. Kxe4 Kxa4 38. Kf5 c5 39. Kxg5 c4 40. Kxf4 c3 41. g5 c2 42. Kf5 c1Q 43. f4 Qc8+ 44. Kg6 Qe6+ 45. Kh5 Qf5 0-1

[Event "BL2 Ost 1617 (Women)"]
[Site "Germany"]
[Date "2017.01.21"]
[Round "3.4"]
[White "Kalies, Grit"]
[Black "Gatzke, Carolin"]
[Result "0-1"]
[WhiteElo "2040"]
[BlackElo "1726"]
[PlyCount "76"]
[EventDate "2016.10.22"]
[EventType "team-tourn"]
[EventRounds "7"]
[EventCountry "GER"]
[SourceTitle "EXT 2018"]
[Source "ChessBase"]
[SourceDate "2017.10.13"]
[SourceVersion "1"]
[SourceVersionDate "2017.10.13"]
[SourceQuality "1"]
[WhiteTeam "Leipzig Allianz (W)"]
[BlackTeam "Paderborn (W)"]
[WhiteTeamCountry "GER"]
[BlackTeamCountry "GER"]

1. e4 d5 2. exd5 Qxd5 3. Nc3 Qa5 4. d4 c6 5. Nf3 Nf6 6. Bd2 Qb6 7. Na4 Qc7 8. Bd3 Bg4 9. h3 Bh5 10. g4 Bg6 11. Qe2 Nbd7 12. Ne5 Bxd3 13. Nxd3 e6 14. Ne5 Bd6 15. f4 c5 16. Nxd7 Nxd7 17. d5 Bxf4 18. 0-0-0 0-0-0 19. dxe6 fxe6 20. Qxe6 Rhe8 21. Qc4 Bxd2+ 22. Rxd2 Qc6 23. Rhd1 Re4 24. Rxd7 Rxd7 25. Qg8+ Kc7 26. Nc3 Rxd1+ 27. Nxd1 Re7 28. b3 Rd7 29. Nc3 h6 30. Qc4 a6 31. Qf4+ Qd6 32. Qf3 c4 33. Kb2 cxb3 34. axb3 Qf6 35. Qg3+ Kb6 36. Ka2 Qd4 37. Qf3 Ka7 38. Ne4 Re7 0-1

[Event "GER-ch U16 Girls"]
[Site "Willingen"]
[Date "2015.05.30"]
[Round "9"]
[White "Gatzke, Carolin"]
[Black "Sewald, Kathrin"]
[Result "0-1"]
[WhiteElo "1718"]
[BlackElo "1779"]
[PlyCount "44"]
[EventDate "2015.05.24"]
[EventType "swiss"]
[EventRounds "9"]
[EventCountry "GER"]
[SourceTitle "CBM 166 Extra"]
[Source "ChessBase"]
[SourceDate "2015.06.18"]
[SourceVersion "1"]
[SourceVersionDate "2015.06.18"]
[SourceQuality "1"]

1. e4 e5 2. Nc3 Nc6 3. Bc4 Bc5 4. Qg4 g6 5. Qf3 f5 6. exf5 Nd4 7. Qe4 d6 8. fxg6 Nf6 9. Qh4 Be6 10. Bxe6 Nxe6 11. Nge2 Qe7 12. Qa4+ c6 13. b4 Bb6 14. b5 c5 15. Ne4 hxg6 16. Nxf6+ Qxf6 17. Qe4 0-0-0 18. Nc3 Rdf8 19. Rf1 Rxh2 20. Nd5 Qf7 21. a4 Nd4 22. a5 Qxf2+ 0-1

[Event "GER-chT U20 Girls"]
[Site "Naumburg Saale"]
[Date "2014.12.29"]
[Round "6.2"]
[White "Gatzke, Carolin"]
[Black "Wolff, Marie Antoinette"]
[Result "1-0"]
[WhiteElo "1675"]
[BlackElo "1570"]
[PlyCount "99"]
[EventDate "2014.12.27"]
[EventType "team-swiss"]
[EventRounds "7"]
[EventCountry "GER"]
[SourceTitle "EXT 2016"]
[Source "ChessBase"]
[SourceDate "2015.10.08"]
[SourceVersion "1"]
[SourceVersionDate "2015.10.08"]
[SourceQuality "1"]
[WhiteTeam "Paderborn"]
[BlackTeam "Leegebruch"]
[WhiteTeamCountry "GER"]
[BlackTeamCountry "GE2"]

1. e4 c5 2. Nf3 Nc6 3. d4 cxd4 4. Nxd4 g6 5. c4 Bg7 6. Be3 d6 7. Nc3 Nf6 8. Be2 0-0 9. 0-0 Bd7 10. Qd2 a6 11. Rac1 Rc8 12. b3 Qa5 13. Rfd1 Rb8 14. f3 Nxd4 15. Bxd4 b5 16. c5 b4 17. Nd5 e5 18. Nxf6+ Bxf6 19. Be3 Rfd8 20. cxd6 Rbc8 21. Bc4 Bb5 22. Qd5 Rf8 23. d7 Rb8 24. Bh6 Qb6+ 25. Kh1 Bxc4 26. Rxc4 Rfd8 27. Rc6 Qb5 28. Rxf6 Qxd5 29. Rxd5 Rb7 30. Rc6 f5 31. Rc8 Rb8 32. Rxb8 Rxb8 33. d8Q+ Rxd8 34. Rxd8+ Kf7 35. Rd6 fxe4 36. fxe4 a5 37. Be3 h5 38. Bb6 g5 39. Bxa5 h4 40. Bxb4 g4 41. a4 h3 42. a5 hxg2+ 43. Kxg2 Ke7 44. a6 g3 45. a7 gxh2 46. a8R h1Q+ 47. Kxh1 Kf7 48. Ra7+ Ke8 49. Rb6 Kd8 50. Rb8# 1-0

[Event "GER-chT U20 Girls"]
[Site "Naumburg Saale"]
[Date "2014.12.28"]
[Round "3.2"]
[White "Gatzke, Carolin"]
[Black "Nitzsche, Pia"]
[Result "1-0"]
[WhiteElo "1675"]
[BlackElo "1682"]
[PlyCount "119"]
[EventDate "2014.12.27"]
[EventType "team-swiss"]
[EventRounds "7"]
[EventCountry "GER"]
[SourceTitle "EXT 2016"]
[Source "ChessBase"]
[SourceDate "2015.10.08"]
[SourceVersion "1"]
[SourceVersionDate "2015.10.08"]
[SourceQuality "1"]
[WhiteTeam "Paderborn"]
[BlackTeam "Chemnitz Aufbau"]
[WhiteTeamCountry "GER"]
[BlackTeamCountry "GER"]

1. e4 c5 2. Nf3 d6 3. d4 cxd4 4. Nxd4 Nf6 5. f3 g6 6. c4 Bg7 7. Nc3 Nc6 8. Be3 0-0 9. Qd2 Bd7 10. Be2 a6 11. 0-0 Rc8 12. b3 Ne8 13. Nxc6 Bxc6 14. Rac1 Qd7 15. Bb6 Nc7 16. Rfd1 Na8 17. Be3 Rfd8 18. Bf1 b5 19. Nd5 Bxd5 20. Qxd5 Nc7 21. Qd2 Ne6 22. Qa5 Qb7 23. cxb5 axb5 24. Qxb5 Qa8 25. Qe2 Qa5 26. Qa6 Qxa6 27. Bxa6 Ra8 28. Rc6 Rdb8 29. Rdc1 Nd4 30. Rc8+ Rxc8 31. Rxc8+ Rxc8 32. Bxc8 Nc6 33. Bb7 Na5 34. Ba8 Kf8 35. Kf1 Bc3 36. Ke2 Ke8 37. Bd2 Bxd2 38. Kxd2 Kd7 39. Kc3 Kc7 40. Bd5 e6 41. b4 Nc6 42. b5 Na5 43. Kb4 Kb6 44. Bc4 Nb7 45. a4 Na5 46. Ba2 Nb7 47. f4 h6 48. g4 Na5 49. h4 Nb7 50. f5 g5 51. hxg5 hxg5 52. fxe6 fxe6 53. Bxe6 Nc5 54. a5+ Kc7 55. Bf5 Kb7 56. e5 dxe5 57. Kxc5 Ka7 58. b6+ Kb7 59. a6+ Ka8 60. a7 1-0

[Event "GER-ch U16 Girls"]
[Site "Magdeburg"]
[Date "2014.06.10"]
[Round "4"]
[White "Gatzke, Carolin"]
[Black "Alsheimer, Lea"]
[Result "1/2-1/2"]
[WhiteElo "1712"]
[BlackElo "1587"]
[PlyCount "52"]
[EventDate "2014.06.08"]
[EventType "swiss"]
[EventRounds "9"]
[EventCountry "GER"]
[SourceTitle "CBM 160 Extra"]
[Source "ChessBase"]
[SourceDate "2014.07.01"]
[SourceVersion "1"]
[SourceVersionDate "2014.07.01"]
[SourceQuality "1"]

1. e4 e6 2. d3 d5 3. Nd2 c5 4. Ngf3 Nc6 5. g3 g6 6. Bg2 Bg7 7. 0-0 Nge7 8. Re1 0-0 9. e5 Qc7 10. Qe2 g5 11. h3 h6 12. Nb3 Ng6 13. Nxc5 Ngxe5 14. Nxe5 Nd4 15. Qd1 Qxc5 16. c3 Nf5 17. d4 Qc7 18. h4 f6 19. Ng6 Rd8 20. Bh3 Nxg3 21. Bxe6+ Bxe6 22. Rxe6 Ne4 23. Qg4 Qf7 24. Qf5 Nd6 25. Qxd5 Ne8 26. Qe4 Nd6 1/2-1/2

[Event "GER-ch U16 Girls"]
[Site "Magdeburg"]
[Date "2014.06.09"]
[Round "3"]
[White "Winterberg, Johanna"]
[Black "Gatzke, Carolin"]
[Result "0-1"]
[WhiteElo "1369"]
[BlackElo "1712"]
[PlyCount "64"]
[EventDate "2014.06.08"]
[EventType "swiss"]
[EventRounds "9"]
[EventCountry "GER"]
[SourceTitle "CBM 160 Extra"]
[Source "ChessBase"]
[SourceDate "2014.07.01"]
[SourceVersion "1"]
[SourceVersionDate "2014.07.01"]
[SourceQuality "1"]

1. e4 c5 2. Nc3 a6 3. g3 b5 4. Bg2 Bb7 5. d3 d6 6. f4 e6 7. Nf3 d5 8. 0-0 Be7 9. Qe1 Nf6 10. e5 Nfd7 11. Bd2 0-0 12. g4 Nc6 13. Ne2 Re8 14. Qg3 f6 15. f5 Ndxe5 16. Nxe5 Nxe5 17. fxe6 Bd6 18. Nf4 Ng6 19. Rae1 Be5 20. Qf3 Nh4 21. Qf2 Nxg2 22. Qxg2 Bxf4 23. Rxf4 Qd6 24. Qf2 d4 25. Qe2 Qc6 26. Qe4 Qxe4 27. dxe4 Rxe6 28. Kf2 Rae8 29. Kf3 g5 30. Rf5 Bxe4+ 31. Rxe4 Rxe4 32. Rxf6 R4e6 0-1

[Event "GER-chT U14 Girls"]
[Site "Magdeburg"]
[Date "2013.12.27"]
[Round "2.1"]
[White "Gatzke, Carolin"]
[Black "Kluge, Leyla"]
[Result "1/2-1/2"]
[WhiteElo "1717"]
[BlackElo "1623"]
[PlyCount "74"]
[EventDate "2013.12.27"]
[EventType "team-swiss"]
[EventRounds "4"]
[EventCountry "GER"]
[SourceTitle "EXT 2015"]
[Source "ChessBase"]
[SourceDate "2014.11.20"]
[SourceVersion "1"]
[SourceVersionDate "2014.11.20"]
[SourceQuality "1"]
[WhiteTeam "Paderborn"]
[BlackTeam "Chemnitz"]
[WhiteTeamCountry "GER"]
[BlackTeamCountry "GER"]

1. e4 c5 2. Nf3 Nc6 3. d4 cxd4 4. Nxd4 g6 5. c4 Bg7 6. Be3 d6 7. Nc3 Nf6 8. Be2 0-0 9. 0-0 a6 10. Rc1 Bg4 11. Nxc6 Bxe2 12. Nxd8 Bxd1 13. Nxb7 Bg4 14. Na5 Rfc8 15. b3 Be6 16. f3 Nd7 17. Nd5 Kf8 18. Nb6 Nxb6 19. Bxb6 Rab8 20. Ba7 Ra8 21. Be3 Bb2 22. Rc2 Ba3 23. Bd2 Bc5+ 24. Kh1 Rab8 25. f4 f5 26. e5 dxe5 27. Re1 e4 28. Bc3 Bd6 29. g3 Bc5 30. Kg2 Bb6 31. Ree2 Rc5 32. b4 Rcc8 33. Be5 Ra8 34. c5 Bxa5 35. bxa5 Rc6 36. Bd4 Rd8 37. Red2 Rdc8 1/2-1/2

[Event "GER-ch U14 Girls"]
[Site "Oberhof"]
[Date "2013.05.25"]
[Round "9"]
[White "Gatzke, Carolin"]
[Black "Nobis, Anna"]
[Result "0-1"]
[WhiteElo "1608"]
[BlackElo "1757"]
[PlyCount "78"]
[EventDate "2013.05.19"]
[EventType "swiss"]
[EventRounds "9"]
[EventCountry "GER"]
[SourceTitle "CBM 154 Extra"]
[Source "ChessBase"]
[SourceDate "2013.06.25"]
[SourceVersion "2"]
[SourceVersionDate "2013.06.25"]
[SourceQuality "1"]

1. e4 c5 2. Nf3 Nc6 3. d4 cxd4 4. Nxd4 e5 5. Nb5 d6 6. N1c3 a6 7. Na3 Be7 8. Nc4 b5 9. Ne3 Nf6 10. Bd3 Nb4 11. 0-0 Nxd3 12. Qxd3 0-0 13. a4 b4 14. Ncd5 a5 15. Rd1 Nxd5 16. Nxd5 Ba6 17. Nxe7+ Qxe7 18. Qxd6 Rfd8 19. Bg5 Qxd6 20. Bxd8 Rxd8 21. Rxd6 Rxd6 22. g3 Rd2 23. Rc1 Be2 24. Kg2 Rd1 25. Rxd1 Bxd1 26. c4 bxc3 27. bxc3 Bxa4 28. Kf3 Bb5 29. Ke3 a4 30. Kd2 a3 31. Kc2 a2 32. Kb2 Bc4 33. f4 exf4 34. gxf4 Kf8 35. e5 Ke7 36. f5 f6 37. e6 g6 38. fxg6 hxg6 39. h4 Kxe6 0-1

[Event "GER-ch U14 Girls"]
[Site "Oberhof"]
[Date "2013.05.19"]
[Round "2"]
[White "Gatzke, Carolin"]
[Black "Rogozenco, Teodora Nana"]
[Result "1-0"]
[WhiteElo "1608"]
[BlackElo "1821"]
[PlyCount "125"]
[EventDate "2013.05.19"]
[EventType "swiss"]
[EventRounds "9"]
[EventCountry "GER"]
[SourceTitle "CBM 154 Extra"]
[Source "ChessBase"]
[SourceDate "2013.06.25"]
[SourceVersion "2"]
[SourceVersionDate "2013.06.25"]
[SourceQuality "1"]

1. e4 d6 2. d4 Nf6 3. Nc3 e5 4. dxe5 dxe5 5. Qxd8+ Kxd8 6. Bc4 Ke8 7. Nf3 Bd6 8. Bg5 c6 9. 0-0 Nbd7 10. Rad1 Bc7 11. h3 Nc5 12. Rfe1 Ke7 13. b4 Ne6 14. Bh4 b5 15. Bb3 a5 16. a3 h6 17. Bg3 Nd7 18. Nh4 g6 19. Ne2 Ng5 20. Bxe5 Nxe5 21. f4 Nef3+ 22. Nxf3 Nxf3+ 23. gxf3 Bxh3 24. Nd4 Bd7 25. e5 Bb6 26. e6 Bxe6 27. Bxe6 Bxd4+ 28. Rxd4 fxe6 29. Rde4 Kf7 30. Rxe6 Rhe8 31. Rxe8 Rxe8 32. Rxe8 Kxe8 33. bxa5 Kd7 34. Kg2 Kc7 35. f5 gxf5 36. Kg3 Kb7 37. Kf4 Ka6 38. Kxf5 Kxa5 39. Kg6 Ka4 40. f4 Kxa3 41. f5 Kb2 42. f6 b4 43. f7 Kxc2 44. f8Q b3 45. Qc5+ Kb1 46. Qxc6 b2 47. Kxh6 Ka2 48. Qa4+ Kb1 49. Kg5 Kc1 50. Qc4+ Kd2 51. Qb3 Kc1 52. Qc3+ Kb1 53. Kf4 Ka2 54. Qc2 Ka1 55. Qa4+ Kb1 56. Ke3 Kc1 57. Qc4+ Kd1 58. Qb3+ Kc1 59. Qc3+ Kb1 60. Kd2 Ka2 61. Qa5+ Kb3 62. Qd5+ Ka3 63. Kc2 1-0